000 00642nam a2200205 4500
001 149092
003 ES-MaACL
005 20251126143558.0
007 t|
008 070214s1970 sp r ||||1| spa d
100 1 _aSykes, M. K.
_9108960
245 1 0 _aInsuficiencia respiratoria /
_cM. K. Sykes, E. J. M. Campbell, M. W. McNicol ; versión de P. Roca Amigo.
260 _aBarcelona :
_bToray,
_c1970.
300 _aXII, 367 p. :
_bil. ;
_c22 cm.
700 1 _aCampbell, E. J. M.
_934136
700 1 _aMcNicol, M. W.
_979612
700 0 _aRoca Amigó, Pedro
_997984
852 _aES-MaACL
_jC-38525
_bR.75619
999 _c149092
_d149092